| 000 | 00542cam a2200145 4500500 | ||
|---|---|---|---|
| 005 | 20251012020603.0 | ||
| 041 | _afre | ||
| 042 | _adc | ||
| 100 | 1 | 0 |
_aYoda, Jacob _eauthor |
| 245 | 0 | 0 | _aMariage et droits de la femme au Burkina Faso. L'apport du droit colonial français et de la pastorale des missionnaires |
| 260 | _c2005. | ||
| 500 | _a97 | ||
| 786 | 0 | _nL'Année canonique | XLVII | 1 | 2005-02-11 | p. 255-273 | 0570-1953 | |
| 856 | 4 | 1 | _uhttps://shs.cairn.info/revue-l-annee-canonique-2005-1-page-255?lang=fr&redirect-ssocas=7080 |
| 999 |
_c1536106 _d1536106 |
||